[Event "Balaguer op"]
[Site "?"]
[Date "2011.07.24"]
[Round "8"]
[White "Tuz, M."]
[Black "Torner Planell, J."]
[Result "1-0"]
[WhiteElo "2080"]
[BlackElo "1935"]
[PlyCount "107"]
[EventDate "2011.??.??"]
[EventType "swiss"]
[Source "Chessbase"]
[SourceDate "2011.07.29"]

1. d4 Nf6 2. c4 c5 3. d5 b5 4. cxb5 a6 5. bxa6 Bxa6 6. g3 d6 7. Bg2 g6 8. Nc3
Bg7 9. e4 O-O 10. Nge2 Nbd7 11. f4 Nb6 12. O-O e6 13. h3 exd5 14. exd5 Re8 15.
Re1 Nc4 16. Kh2 Ra7 17. Ng1 Rxe1 18. Qxe1 Re7 19. Qd1 Qe8 20. Nf3 Ne4 21. Nxe4
Rxe4 22. Rb1 Ne3 23. Bxe3 Rxe3 24. Qd2 Re2 25. Re1 Bxb2 26. Qxb2 Rxe1 27. Nxe1
Qxe1 28. Qb8+ Kg7 29. Qxd6 Qa5 30. Qe5+ Kg8 31. d6 Bb5 32. Qxc5 Qa4 33. a3 Bd7
34. h4 h5 35. Qc7 Bg4 36. Qc3 Qd1 37. Qe5 Qd2 38. Qd5 Qxd5 39. Bxd5 Bd7 40. Kg2
Kf8 41. Kf3 Ke8 42. Ke4 f6 43. Kd4 Ba4 44. Kc5 Kd7 45. Bc4 Bc2 46. Bb5+ Kd8 47.
a4 Be4 48. a5 g5 49. fxg5 fxg5 50. hxg5 h4 51. gxh4 Bd5 52. a6 Kc8 53. a7 Kb7
54. g6 1-0

[Event "Balaguer op"]
[Site "?"]
[Date "2011.07.25"]
[Round "9"]
[White "Hernandez Carmenates, H."]
[Black "Gomez Ledo, RC."]
[Result "1-0"]
[WhiteElo "2570"]
[BlackElo "2428"]
[PlyCount "67"]
[EventDate "2011.??.??"]
[EventType "swiss"]
[Source "Chessbase"]
[SourceDate "2011.07.29"]

1. d4 d5 2. c4 c6 3. Nc3 Nf6 4. e3 a6 5. Nf3 e6 6. b3 Bb4 7. Bd2 Nbd7 8. Bd3
O-O 9. O-O Bd6 10. Rc1 e5 11. cxd5 cxd5 12. dxe5 Nxe5 13. Nxe5 Bxe5 14. Ne2 Ne4
15. Be1 Re8 16. f3 Nf6 17. Bc3 Qd6 18. h3 Bd7 19. Qd2 Rac8 20. Bb4 Qb6 21. Rxc8
Rxc8 22. Ba5 Qa7 23. Rc1 Re8 24. Bc3 Qb8 25. Kf2 Bxc3 26. Qxc3 Rc8 27. Qb4 Rxc1
28. Nxc1 Qc7 29. Ne2 h5 30. h4 g6 31. Qe7 Qb6 32. Nd4 Kg7 33. a4 Qc7 34. Ne6+
1-0

[Event "Balaguer op"]
[Site "?"]
[Date "2011.07.25"]
[Round "9"]
[White "Janev, E."]
[Black "Guerra Mendez, JA."]
[Result "1/2-1/2"]
[WhiteElo "2528"]
[BlackElo "2450"]
[PlyCount "21"]
[EventDate "2011.??.??"]
[EventType "swiss"]
[Source "Chessbase"]
[SourceDate "2011.07.29"]

1. e4 e5 2. Nf3 Nc6 3. Bc4 Bc5 4. d3 Nf6 5. Nc3 d6 6. Na4 Bb6 7. c3 h6 8. Nxb6
axb6 9. h3 Be6 10. Bxe6 fxe6 11. O-O 1/2-1/2

[Event "Balaguer op"]
[Site "?"]
[Date "2011.07.25"]
[Round "9"]
[White "Lariño Nieto, D."]
[Black "Barbero Sendic, A."]
[Result "1-0"]
[WhiteElo "2495"]
[BlackElo "2264"]
[PlyCount "97"]
[EventDate "2011.??.??"]
[EventType "swiss"]
[Source "Chessbase"]
[SourceDate "2011.07.29"]

1. d3 d5 2. a3 g6 3. h4 h5 4. Nd2 Nf6 5. c4 Bg7 6. g3 c6 7. Bg2 O-O 8. Ngf3 Ng4
9. O-O a5 10. cxd5 cxd5 11. Ng5 Nc6 12. Rb1 Qd6 13. e3 e6 14. Ndf3 b6 15. Bd2
Ba6 16. Ne1 Rac8 17. Bh3 Nge5 18. Qb3 Nd7 19. Rc1 Nce5 20. Rxc8 Rxc8 21. d4 Nc4
22. Bc3 Bh6 23. Ng2 Bxg5 24. hxg5 Nxa3 25. bxa3 Bxf1 26. Kxf1 Qc6 27. Bd2 Qc2
28. Qxc2 Rxc2 29. Ke1 Ra2 30. Nf4 Kf8 31. Kd1 Rxa3 32. Nxd5 Ra1+ 33. Kc2 Rh1
34. Nf4 Ke7 35. e4 a4 36. Bg2 Rg1 37. e5 Kd8 38. Bb4 Ra1 39. Nd3 a3 40. Bf3 a2
41. Kb2 Rf1 42. Kxa2 b5 43. Kb3 Kc8 44. d5 Nb6 45. d6 Nc4 46. Bc6 Rd1 47. Bxb5
Nb6 48. Kc2 Ra1 49. Be8 1-0

[Event "Balaguer op"]
[Site "?"]
[Date "2011.07.25"]
[Round "9"]
[White "Moradiabadi, E."]
[Black "Oms Pallisse, J."]
[Result "1/2-1/2"]
[WhiteElo "2532"]
[BlackElo "2489"]
[PlyCount "34"]
[EventDate "2011.??.??"]
[EventType "swiss"]
[Source "Chessbase"]
[SourceDate "2011.07.29"]

1. c4 Nf6 2. Nf3 b6 3. Nc3 e6 4. e4 Bb7 5. Bd3 d6 6. Bc2 c5 7. O-O Be7 8. d4
cxd4 9. Nxd4 O-O 10. b3 a6 11. Bb2 Nbd7 12. Qe2 Re8 13. f4 Qc7 14. Kh1 Bf8 15.
Rae1 g6 16. e5 Nh5 17. Qf2 Rad8 1/2-1/2

[Event "Balaguer op"]
[Site "?"]
[Date "2011.07.25"]
[Round "9"]
[White "Pozo Vera, S."]
[Black "Fernandez Cardoso, A."]
[Result "1-0"]
[WhiteElo "2471"]
[BlackElo "2450"]
[PlyCount "69"]
[EventDate "2011.??.??"]
[EventType "swiss"]
[Source "Chessbase"]
[SourceDate "2011.07.29"]

1. d4 d5 2. c4 c6 3. Nf3 Nf6 4. e3 e6 5. b3 c5 6. cxd5 Nxd5 7. Bb5+ Nd7 8. O-O
cxd4 9. Qxd4 Be7 10. Bb2 Bf6 11. Qd2 O-O 12. Nc3 N7b6 13. Nxd5 Nxd5 14. Rfd1
Bxb2 15. Qxb2 Qa5 16. Bc4 Nb6 17. Bd3 f6 18. Be4 Qh5 19. Rac1 Rb8 20. Rc7 Na8
21. Rcc1 b5 22. Qd4 Bb7 23. Bxb7 Rxb7 24. Qe4 Qf7 25. Nd4 e5 26. Nf5 Rd7 27.
Nh6+ gxh6 28. Qg4+ Qg7 29. Qxd7 Nb6 30. Qxg7+ Kxg7 31. Rc7+ Kg6 32. g4 Kg5 33.
Rg7+ Kh4 34. e4 Nc8 35. Rd3 1-0

[Event "Barbera op"]
[Site "?"]
[Date "2011.07.06"]
[Round "3"]
[White "Van Riemsdijk, HC."]
[Black "Ibarra Jerez, JC."]
[Result "1/2-1/2"]
[WhiteElo "2403"]
[BlackElo "2530"]
[PlyCount "138"]
[EventDate "2011.??.??"]
[EventType "swiss"]
[Source "Chessbase"]
[SourceDate "2011.07.29"]

1. e4 c5 2. Nf3 e6 3. d4 cxd4 4. Nxd4 Qb6 5. Nb3 Qc7 6. g3 Nf6 7. Bg2 b6 8. O-O
Bb7 9. Re1 d6 10. c4 Nbd7 11. Nc3 Be7 12. Nb5 Qb8 13. Bf4 Ne5 14. a4 O-O 15.
Rc1 a6 16. Na3 Qc7 17. a5 bxa5 18. c5 dxc5 19. Nc4 Nfd7 20. Nxe5 Nxe5 21. Bxe5
Qxe5 22. Nxa5 Rad8 23. Qa4 Rd4 24. Qa3 Rd7 25. Rcd1 Rfd8 26. Qa4 Rxd1 27. Rxd1
Rxd1+ 28. Qxd1 Qxb2 29. Qd7 Qa1+ 30. Bf1 Qxa5 31. Qxb7 Bf8 32. Qxa6 Qc7 33. Qc4
g5 34. Kg2 Qe5 35. Bd3 Kg7 36. Qc1 Bd6 37. Qe3 h6 38. Be2 Qb2 39. Bc4 Be5 40.
Qe2 Qc3 41. Qd3 Qb4 42. Qb3 Qe1 43. Qe3 Qb1 44. Qd3 Qa1 45. Qd7 Qe1 46. Bxe6
Qxe4+ 47. Kf1 Qg6 48. Bg4 Bd4 49. Qf5 Qd6 50. Be2 Bf6 51. Bd3 Kf8 52. Bc4 Kg7
53. Bd3 Kf8 54. Bc4 Qd1+ 55. Kg2 Qd4 56. Qd5 Qxd5+ 57. Bxd5 Bd4 58. h3 Ke7 59.
f4 gxf4 60. gxf4 Be3 61. Kf3 Bc1 62. Ke4 f6 63. Kf5 Kd6 64. Bc4 Kc6 65. Kxf6
Bxf4 66. Kf5 Bg5 67. Ke4 Be7 68. Kd3 Bg5 69. Bf7 c4+ 1/2-1/2

[Event "Barbera op"]
[Site "?"]
[Date "2011.07.09"]
[Round "6"]
[White "Alberto, M."]
[Black "Garcia de Lomas Guerrero, C."]
[Result "0-1"]
[WhiteElo "2218"]
[BlackElo "1980"]
[PlyCount "151"]
[EventDate "2011.??.??"]
[EventType "swiss"]
[Source "Chessbase"]
[SourceDate "2011.07.29"]

1. e4 e6 2. d4 d5 3. e5 c5 4. c3 Qb6 5. Nf3 Nc6 6. a3 Nh6 7. b4 cxd4 8. cxd4
Nf5 9. Bb2 Be7 10. Bd3 a5 11. Qa4 Bd7 12. b5 Na7 13. Nc3 g6 14. O-O O-O 15.
Rab1 Rfc8 16. Ba1 Qd8 17. Qb3 Rcb8 18. Na4 Nc8 19. Nc5 Nb6 20. a4 Nc8 21. Rbc1
b6 22. Na6 Rb7 23. Rc2 Ng7 24. Qb1 Ne8 25. Qc1 Raa7 26. Qf4 Ra8 27. h4 Rba7 28.
h5 Nc7 29. hxg6 hxg6 30. Nc5 bxc5 31. dxc5 Rb8 32. Rb1 Na6 33. Bd4 Nb4 34. Rd2
Rc7 35. Qe3 Qf8 36. Rc1 Nb6 37. c6 Nxa4 38. Bf1 Be8 39. g4 Bxc6 40. bxc6 Rxc6
41. Rb1 Nb6 42. g5 Nc4 43. Bxc4 Rxc4 44. Kg2 Nc2 45. Rxc2 Rxb1 46. Ra2 Bb4 47.
Qd3 Rcc1 48. Be3 Rd1 49. Qa6 Kg7 50. Nd4 Qe7 51. Kf3 Qc7 52. Qxe6 fxe6 53.
Nxe6+ Kf7 54. Nxc7 Rb3 55. Kg2 Rc3 56. e6+ Ke7 57. Bf4 Rc4 58. Bg3 Bd6 59.
Bxd6+ Kxd6 60. Nb5+ Kxe6 61. Rxa5 Rf4 62. Nc7+ Ke5 63. Ra2 Rc1 64. Nb5 d4 65.
Rd2 Rc5 66. Na3 Ke4 67. Nc2 Rxg5+ 68. Kf1 d3 69. Nb4 Rf3 70. Ra2 Rc5 71. Kg2
Rf8 72. Ra7 Rd8 73. Re7+ Kd4 74. Re3 Kc4 75. Re4+ Rd4 76. Nxd3 0-1

[Event "Barbera op"]
[Site "?"]
[Date "2011.07.09"]
[Round "6"]
[White "Dalo, H."]
[Black "Deshpande, A."]
[Result "0-1"]
[WhiteElo "2049"]
[BlackElo "2228"]
[PlyCount "76"]
[EventDate "2011.??.??"]
[EventType "swiss"]
[Source "Chessbase"]
[SourceDate "2011.07.29"]

1. e4 c5 2. Nf3 Nc6 3. d4 cxd4 4. Nxd4 g6 5. c4 Nf6 6. Nc3 d6 7. Be3 Ng4 8. Qd2
Nxe3 9. Qxe3 Bg7 10. Nc2 Qa5 11. Be2 Bxc3+ 12. bxc3 O-O 13. O-O b6 14. Nd4 Qc5
15. Nxc6 Qxc6 16. e5 Rb8 17. exd6 Qxd6 18. Rfe1 Be6 19. Bf1 Rfd8 20. Qg5 Rbc8
21. Re4 Rc5 22. Qe3 Qc7 23. Re1 Rd7 24. h3 Bxc4 25. Bxc4 Rxc4 26. Rxe7 Rxe7 27.
Qxe7 Rxc3 28. Qf6 Rc1 29. Rxc1 Qxc1+ 30. Kh2 Qd2 31. a3 h5 32. a4 Qd7 33. Qf4
Kh7 34. g3 a6 35. Qf6 b5 36. a5 Qe6 37. Qd4 Qc4 38. Qb6 b4 0-1

[Event "Barbera op"]
[Site "?"]
[Date "2011.07.09"]
[Round "6"]
[White "Dominguez Pons, E."]
[Black "Sanchez Dengra, JM."]
[Result "1-0"]
[WhiteElo "2344"]
[BlackElo "1986"]
[PlyCount "63"]
[EventDate "2011.??.??"]
[EventType "swiss"]
[Source "Chessbase"]
[SourceDate "2011.07.29"]

1. Nf3 d5 2. b3 Nf6 3. Bb2 c6 4. g3 Bf5 5. Bg2 Nbd7 6. O-O h6 7. c4 e6 8. d4
Bd6 9. Nc3 Ne4 10. Nd2 Nxd2 11. Qxd2 Nf6 12. f3 Bb4 13. a3 Bxc3 14. Qxc3 O-O
15. Rae1 Rc8 16. e4 Bh7 17. a4 Re8 18. Ba3 b6 19. e5 Nd7 20. Bd6 Nf8 21. f4 f5
22. b4 a6 23. c5 Nd7 24. Ra1 Ra8 25. b5 cxb5 26. c6 Nf8 27. axb5 a5 28. c7 Qc8
29. Bxf8 Rxf8 30. Qc6 Rf7 31. Rfc1 Ra7 32. Qxe6 1-0

[Event "Barbera op"]
[Site "?"]
[Date "2011.07.09"]
[Round "6"]
[White "Navarrete Espi, S."]
[Black "Do Santos Julio, JM."]
[Result "0-1"]
[WhiteElo "2169"]
[BlackElo "2104"]
[PlyCount "86"]
[EventDate "2011.??.??"]
[EventType "swiss"]
[Source "Chessbase"]
[SourceDate "2011.07.29"]

1. e4 c5 2. Nf3 e6 3. d4 cxd4 4. Nxd4 Nf6 5. Nc3 Nc6 6. Ndb5 d6 7. Bf4 e5 8.
Bg5 a6 9. Bxf6 gxf6 10. Na3 Be7 11. Bc4 Be6 12. Bxe6 fxe6 13. Qh5+ Kd7 14. Nc4
Nd4 15. Ne3 Qa5 16. O-O Rag8 17. Rad1 Rg5 18. Qh3 Rhg8 19. Ncd5 Ne2+ 20. Kh1
Nf4 21. Nxf4 exf4 22. Nd5 Rxg2 23. Nxf4 R2g4 24. Nxe6 f5 25. Qb3 Qe5 26. exf5
Qxf5 27. Qxb7+ Ke8 28. Rfe1 Qf6 29. Rd3 Qxf2 30. Nc7+ Kd8 31. Ne6+ Ke8 32. Qa8+
Kd7 33. Nc5+ Qxc5 34. Qb7+ Kd8 35. Qxe7+ Kc8 36. Qe6+ Kb7 37. Qd7+ Kb6 38.
Rxd6+ Ka5 39. b4+ Kxb4 40. Rb1+ Ka5 41. Rdd1 Rg2 42. Qh3 Rxc2 43. Rd5 Qxd5+ 0-1

[Event "Barbera op"]
[Site "?"]
[Date "2011.07.09"]
[Round "6"]
[White "Phadke, S."]
[Black "Martin Capitan, F."]
[Result "0-1"]
[WhiteElo "2252"]
[BlackElo "2133"]
[PlyCount "72"]
[EventDate "2011.??.??"]
[EventType "swiss"]
[Source "Chessbase"]
[SourceDate "2011.07.29"]

1. e4 e5 2. Nf3 Nc6 3. Bc4 Nf6 4. d3 Bc5 5. c3 Bb6 6. O-O d6 7. Bb3 O-O 8. h3
Ne7 9. Re1 Ng6 10. Nbd2 Nh5 11. Nc4 Nhf4 12. Nxb6 axb6 13. Kh2 Qf6 14. Be3 Be6
15. Bc2 Rad8 16. d4 Bc8 17. d5 Qe7 18. Ng1 Qd7 19. Qf3 Nh4 20. Qg4 Qe7 21. Qg3
Nhxg2 22. Rf1 f5 23. Nf3 Rf6 24. exf5 Bxf5 25. Bxf5 Rxf5 26. Rg1 Nxe3 27. fxe3
Ne2 28. Qg4 Nxg1 29. Rxg1 Rdf8 30. Ng5 Rf2+ 31. Kh1 Qf6 32. Ne6 Rf7 33. Ng5 Rc2
34. Qc8+ Rf8 35. Qg4 h6 36. Ne6 Qf3+ 0-1

[Event "Barbera op"]
[Site "?"]
[Date "2011.07.10"]
[Round "7"]
[White "Alberto, M."]
[Black "Amrutha, M."]
[Result "1-0"]
[WhiteElo "2218"]
[BlackElo "2042"]
[PlyCount "101"]
[EventDate "2011.??.??"]
[EventType "swiss"]
[Source "Chessbase"]
[SourceDate "2011.07.29"]

1. e4 c5 2. Nf3 e6 3. Qe2 d6 4. g3 Nc6 5. c3 e5 6. Bg2 g6 7. Na3 Bg7 8. d3 Nge7
9. h4 h6 10. h5 g5 11. Nh2 f5 12. f4 gxf4 13. gxf4 Be6 14. Nf3 Qd7 15. Nc4
O-O-O 16. Bd2 Rhf8 17. O-O-O b5 18. Na3 Bxa2 19. Nxb5 a6 20. Na3 Na5 21. b4 Qa4
22. Nc2 cxb4 23. cxb4 Qb3 24. Be3 exf4 25. Bd4 Qb1+ 26. Kd2 Nb3+ 27. Ke1 Nxd4
28. Ncxd4 Qxb4+ 29. Kf1 Bg8 30. Qc2+ Kd7 31. Rb1 Qa3 32. Rb7+ Ke8 33. Nxf5 Rxf5
34. exf5 Nxf5 35. Kf2 Kf8 36. Re1 Qc5+ 37. Qxc5 dxc5 38. Ne5 Bxe5 39. Rxe5 Ne3
40. Bh3 Rxd3 41. Rxc5 Rd2+ 42. Ke1 Rd8 43. Ra7 Bc4 44. Kf2 Nd1+ 45. Kf3 Ne3 46.
Kxf4 Nd5+ 47. Ke5 Nb6 48. Rc6 Rd5+ 49. Kf6 Rd3 50. Rxb6 Rf3+ 51. Bf5 1-0

[Event "Barbera op"]
[Site "?"]
[Date "2011.07.10"]
[Round "7"]
[White "Bufi Pujadas, A."]
[Black "Ridameya Tatche, J."]
[Result "0-1"]
[WhiteElo "1902"]
[BlackElo "2072"]
[PlyCount "96"]
[EventDate "2011.??.??"]
[EventType "swiss"]
[Source "Chessbase"]
[SourceDate "2011.07.29"]

1. e4 e5 2. Nf3 Nc6 3. d4 exd4 4. Nxd4 Bc5 5. Be3 Qf6 6. c3 Nge7 7. Nc2 Bxe3 8.
Nxe3 d6 9. Nd2 Be6 10. Be2 Rd8 11. O-O d5 12. Qa4 d4 13. e5 Qh6 14. Nec4 dxc3
15. bxc3 Rxd2 16. Nxd2 Qxd2 17. Bc4 Qf4 18. Bb5 Qxa4 19. Bxa4 O-O 20. Rab1 b6
21. f4 Bxa2 22. Rb2 Bd5 23. g4 Na5 24. Re1 g6 25. Rf2 Be6 26. h3 Rd8 27. Bc2
Bd5 28. f5 g5 29. h4 Nec6 30. hxg5 Nc4 31. e6 fxe6 32. fxe6 N6e5 33. Rd1 c6 34.
Rd4 Re8 35. Rf6 Ne3 36. Bf5 Nf3+ 37. Kf2 Nxd4 38. cxd4 Nxf5 39. gxf5 Rf8 40. e7
Re8 41. Rd6 Rxe7 42. f6 Re8 43. Rd7 a5 44. Rc7 Rf8 45. Rg7+ Kh8 46. Rb7 h6 47.
gxh6 Rxf6+ 48. Ke3 b5 0-1

[Event "Barbera op"]
[Site "?"]
[Date "2011.07.10"]
[Round "7"]
[White "Colon Garcia, E."]
[Black "Mascaro March, P."]
[Result "1-0"]
[WhiteElo "2276"]
[BlackElo "2413"]
[PlyCount "107"]
[EventDate "2011.??.??"]
[EventType "swiss"]
[Source "Chessbase"]
[SourceDate "2011.07.29"]

1. e4 e6 2. d4 d5 3. Nd2 dxe4 4. Nxe4 Bd7 5. Nf3 Bc6 6. Bd3 Nd7 7. O-O Ngf6 8.
Ng3 Be7 9. b3 O-O 10. Bb2 Bxf3 11. Qxf3 c6 12. Rfe1 Re8 13. c4 Bf8 14. Rad1 Qa5
15. Bb1 g6 16. h4 Bg7 17. Bc3 Qc7 18. h5 b5 19. h6 Bxh6 20. d5 cxd5 21. Bxf6
Nxf6 22. Qxf6 bxc4 23. Qh4 Bg7 24. bxc4 Qxc4 25. Qxc4 dxc4 26. Bc2 a5 27. Ne4
Reb8 28. Rb1 Kf8 29. Nd6 c3 30. Nc4 Rb4 31. Ne3 Bd4 32. Rb3 f5 33. Rxb4 axb4
34. Bb3 Rd8 35. Nc2 Bc5 36. Rxe6 Rd1+ 37. Kh2 Bd6+ 38. g3 Rd2 39. Kg2 Bc5 40.
Ne3 g5 41. Re5 f4 42. gxf4 gxf4 43. Rf5+ Kg7 44. Ng4 Bd4 45. Rxf4 h5 46. Nh2 c2
47. Bxc2 Be5 48. Rc4 Bxh2 49. Kxh2 Rxf2+ 50. Kg3 Rd2 51. Bb3 Kf6 52. Rxb4 Ke5
53. Rb5+ Kd4 54. Rd5+ 1-0

[Event "Barbera op"]
[Site "?"]
[Date "2011.07.10"]
[Round "7"]
[White "Cruz Ravina, FJ."]
[Black "Capellades Subirana, M."]
[Result "1/2-1/2"]
[WhiteElo "2399"]
[BlackElo "2260"]
[PlyCount "109"]
[EventDate "2011.??.??"]
[EventType "swiss"]
[Source "Chessbase"]
[SourceDate "2011.07.29"]

1. e4 e5 2. Nf3 Nc6 3. Bc4 Bc5 4. b4 Bxb4 5. c3 Ba5 6. d4 exd4 7. O-O d6 8.
cxd4 Bg4 9. Bb2 Nf6 10. d5 Bxf3 11. Qa4 Qd7 12. gxf3 Ne5 13. Qxd7+ Kxd7 14.
Bb5+ c6 15. dxc6+ bxc6 16. Bxe5 cxb5 17. Rd1 Ke6 18. Bxf6 gxf6 19. Na3 Rhg8+
20. Kf1 Rg5 21. Rab1 a6 22. Nc2 Rh5 23. Nd4+ Kd7 24. Nf5 Bc7 25. h4 Re8 26. Ng7
Rxh4 27. Nxe8 Kxe8 28. Ke2 Kd7 29. Rh1 Rxh1 30. Rxh1 Ke6 31. Rh5 Bb6 32. f4 Bc5
33. f3 a5 34. Kd3 a4 35. f5+ Ke5 36. Rh4 d5 37. f4+ Kd6 38. e5+ fxe5 39. Rh6+
Ke7 40. fxe5 b4 41. Rc6 Bf2 42. Ra6 a3 43. Rh6 Be1 44. Rh2 Bc3 45. e6 fxe6 46.
Rxh7+ Kf6 47. fxe6 Kxe6 48. Kc2 d4 49. Rb7 Kd6 50. Kd3 Kc6 51. Rb8 Kc7 52. Rb5
Kc6 53. Rb8 Kc7 54. Rb5 Kc6 55. Rb8 1/2-1/2

[Event "Barbera op"]
[Site "?"]
[Date "2011.07.10"]
[Round "7"]
[White "Duran, R."]
[Black "Trujillo Villega, PA."]
[Result "1/2-1/2"]
[WhiteElo "2098"]
[BlackElo "2173"]
[PlyCount "63"]
[EventDate "2011.??.??"]
[EventType "swiss"]
[Source "Chessbase"]
[SourceDate "2011.07.29"]

1. c4 Nf6 2. Nc3 e6 3. g3 d5 4. Bg2 c6 5. d3 Be7 6. Qc2 O-O 7. e3 b6 8. Nge2
Bb7 9. Rb1 c5 10. a3 Nbd7 11. O-O Rc8 12. cxd5 exd5 13. d4 cxd4 14. Nxd4 Ne4
15. Bd2 Ndf6 16. Rfd1 Nxd2 17. Qxd2 Ne4 18. Bxe4 dxe4 19. Nf5 Bf6 20. Nd6 Bxc3
21. bxc3 Rc7 22. Rb4 Qe7 23. Nb5 Rc5 24. Nxa7 Ba6 25. Qd7 Qxd7 26. Rxd7 Rxc3
27. Rxe4 Rxa3 28. Rb4 Be2 29. Kg2 g5 30. h3 Ra8 31. Nc6 h5 32. Ne5 1/2-1/2

[Event "Barbera op"]
[Site "?"]
[Date "2011.07.10"]
[Round "7"]
[White "Fenollar Jorda, M."]
[Black "Garcia Roman, D."]
[Result "1/2-1/2"]
[WhiteElo "2358"]
[BlackElo "2427"]
[PlyCount "60"]
[EventDate "2011.??.??"]
[EventType "swiss"]
[Source "Chessbase"]
[SourceDate "2011.07.29"]

1. d4 d5 2. Nf3 c5 3. c3 cxd4 4. cxd4 Nf6 5. Nc3 Nc6 6. Bf4 Bf5 7. e3 e6 8. Bd3
Bxd3 9. Qxd3 Bd6 10. Bxd6 Qxd6 11. O-O O-O 12. a3 Rfc8 13. b4 Nd7 14. Rfc1 h6
15. Na4 a5 16. Nc5 axb4 17. axb4 Rxa1 18. Rxa1 Nxb4 19. Qb5 Nxc5 20. Qxb4 Ne4
21. Qxb7 Qc7 22. Qxc7 Rxc7 23. h3 Rc2 24. Rf1 g5 25. h4 Kh7 26. hxg5 hxg5 27.
g4 Nd2 28. Nxd2 Rxd2 29. Ra1 Rc2 30. Kg2 Rb2 1/2-1/2

[Event "Barbera op"]
[Site "?"]
[Date "2011.07.10"]
[Round "7"]
[White "Georgieva, E."]
[Black "Van der Veen, R."]
[Result "0-1"]
[WhiteElo "1975"]
[BlackElo "2034"]
[PlyCount "52"]
[EventDate "2011.??.??"]
[EventType "swiss"]
[Source "Chessbase"]
[SourceDate "2011.07.29"]

1. d4 d5 2. Nf3 Nf6 3. Bf4 c6 4. c3 Bf5 5. e3 Qb6 6. Qb3 Nbd7 7. Nbd2 e6 8. Be2
Be7 9. O-O O-O 10. Ne5 Nxe5 11. Bxe5 Nd7 12. Bg3 c5 13. Qxb6 Nxb6 14. Rfc1 Rac8
15. dxc5 Bxc5 16. b3 Ba3 17. Rd1 Bc2 18. c4 Bxd1 19. Rxd1 Rfd8 20. Bh4 f6 21.
Bg4 Kf7 22. cxd5 Rxd5 23. e4 Rd4 24. Nf1 Rxd1 25. Bxd1 Rc1 26. Ne3 Bc5 0-1

[Event "Barbera op"]
[Site "?"]
[Date "2011.07.10"]
[Round "7"]
[White "Huerga Leache, M."]
[Black "Castro Exposito, C."]
[Result "1-0"]
[WhiteElo "2453"]
[BlackElo "2084"]
[PlyCount "107"]
[EventDate "2011.??.??"]
[EventType "swiss"]
[Source "Chessbase"]
[SourceDate "2011.07.29"]

1. e4 e6 2. d4 d5 3. Nd2 dxe4 4. Nxe4 Nd7 5. Bd3 Ngf6 6. Qe2 Be7 7. Nf3 Nxe4 8.
Bxe4 O-O 9. Bd3 Nf6 10. Bg5 c5 11. dxc5 Qa5+ 12. c3 Qxc5 13. O-O-O Nd5 14. h4
f5 15. Bxe7 Qxe7 16. Bc4 Qc5 17. Bxd5 exd5 18. Qd2 b6 19. Rhe1 Bb7 20. Nd4 Qd6
21. Re6 Qd7 22. Rde1 Rae8 23. Qg5 Rxe6 24. Rxe6 Re8 25. Qxf5 Rxe6 26. Qxe6+
Qxe6 27. Nxe6 d4 28. Nxd4 Bxg2 29. Kd2 Kf7 30. Ke3 Kg6 31. Ne6 Kf6 32. Ng5 h6
33. Ne4+ Kf5 34. f3 Ke6 35. Ng3 g6 36. Ne2 g5 37. hxg5 hxg5 38. Ng3 Ke5 39. b3
Bh3 40. Ne4 Kf5 41. c4 a6 42. b4 Kg6 43. Ng3 Be6 44. Kd4 b5 45. c5 Bxa2 46. Ke5
Kf7 47. Ne4 Ke7 48. Nxg5 Kd7 49. Kd4 Kc6 50. Ne4 a5 51. bxa5 b4 52. a6 Be6 53.
Nd6 b3 54. a7 1-0

[Event "Barbera op"]
[Site "?"]
[Date "2011.07.10"]
[Round "7"]
[White "Luna Cortes, L."]
[Black "Anuprita, P."]
[Result "1-0"]
[WhiteElo "2143"]
[BlackElo "2048"]
[PlyCount "159"]
[EventDate "2011.??.??"]
[EventType "swiss"]
[Source "Chessbase"]
[SourceDate "2011.07.29"]

1. d4 d5 2. Nf3 Nf6 3. g3 c6 4. Bg2 e6 5. Nbd2 Be7 6. O-O O-O 7. b3 b6 8. Bb2
Bb7 9. Ne5 Nbd7 10. Nxd7 Qxd7 11. Nf3 Rac8 12. Ne5 Qc7 13. c3 Nd7 14. Nxd7 Qxd7
15. a4 c5 16. e3 cxd4 17. exd4 a5 18. Re1 Ba6 19. Qd2 Rc7 20. Qe3 Rfc8 21. h4
Bf8 22. Bf3 Rb8 23. Bd1 Qc8 24. h5 Qd8 25. Kg2 Rbc8 26. Rh1 Qf6 27. Be2 Bxe2
28. Qxe2 Qf5 29. Rac1 h6 30. Rc2 Bd6 31. Rd1 Rc6 32. Rcc1 R8c7 33. Rd2 Rc8 34.
Qf3 Qxf3+ 35. Kxf3 Kf8 36. Ke3 Ke7 37. f4 f6 38. Kf3 Kf7 39. Re2 R8c7 40. g4
Re7 41. Rd1 Rc8 42. Re3 Rc6 43. Ra1 Rc8 44. Rf1 Rc6 45. Ke2 Rc8 46. Kd3 Ke8 47.
Re2 Kd7 48. c4 Bb4 49. f5 Kd6 50. Rf3 Rce8 51. fxe6 Rxe6 52. Rxe6+ Rxe6 53. Re3
Rxe3+ 54. Kxe3 Ke6 55. Kf4 Bd2+ 56. Kf3 Bb4 57. Bc1 Bc3 58. Be3 Bb2 59. Bf2 Kd6
60. Ke3 Bc1+ 61. Kd3 Bf4 62. Be1 Kc6 63. Bc3 Bh2 64. Bb2 Bd6 65. Ke3 Bb4 66.
Kf4 Kd6 67. Kf5 dxc4 68. bxc4 Ke7 69. Bc1 Bc3 70. Be3 Bb4 71. d5 Kd6 72. Bxb6
Bd2 73. Kg6 Bc3 74. Kf5 Bd2 75. Bd4 Be1 76. Ke4 Bb4 77. Bb6 Bc3 78. c5+ Kd7 79.
Kd3 Be1 80. Kc4 1-0

[Event "Barbera op"]
[Site "?"]
[Date "2011.07.10"]
[Round "7"]
[White "Matnadze, A."]
[Black "Perpinya Rofes, LM."]
[Result "1/2-1/2"]
[WhiteElo "2428"]
[BlackElo "2395"]
[PlyCount "148"]
[EventDate "2011.??.??"]
[EventType "swiss"]
[Source "Chessbase"]
[SourceDate "2011.07.29"]

1. d4 Nf6 2. Nf3 g6 3. g3 Bg7 4. Bg2 d5 5. O-O c6 6. c4 dxc4 7. a4 Ne4 8. Qc2
Nd6 9. Nbd2 O-O 10. Nxc4 Bf5 11. Qc3 Na6 12. Nce5 Be4 13. Bh3 Nf5 14. Be3 c5
15. dxc5 Qc7 16. Bxf5 Bxf3 17. Bd4 gxf5 18. Nxf3 Bxd4 19. Nxd4 Qxc5 20. Qxc5
Nxc5 21. b4 Ne4 22. Nxf5 e6 23. Nd4 Rac8 24. Rfc1 Rfd8 25. e3 Kf8 26. g4 Ke7
27. f3 Nc3 28. Ra3 Rxd4 29. Rcxc3 Rxc3 30. Rxc3 Rxb4 31. Rc7+ Kf6 32. Kf2 a5
33. Kg3 Rxa4 34. Rxb7 Ra3 35. Kf4 Ra4+ 36. e4 e5+ 37. Kg3 Ra1 38. g5+ Kg6 39.
h4 Rg1+ 40. Kh2 Ra1 41. Rb6+ Kg7 42. h5 a4 43. h6+ Kf8 44. Rb8+ Ke7 45. Rb7+
Kf8 46. g6 fxg6 47. Rxh7 Kg8 48. Rg7+ Kh8 49. Rxg6 a3 50. Ra6 Kh7 51. Kg3 Rg1+
52. Kh4 Rg6 53. Rxa3 Kxh6 54. Ra5 Re6 55. Kg4 Kg6 56. Ra8 Kf7 57. Ra7+ Kf6 58.
Kh5 Rb6 59. Rh7 Rb1 60. Rh6+ Ke7 61. Kg5 Rf1 62. Kg4 Kf7 63. Rc6 Ke7 64. Ra6
Kf7 65. Kf5 Rxf3+ 66. Kxe5 Rb3 67. Ra7+ Ke8 68. Kd6 Rb6+ 69. Kc5 Rh6 70. e5 Rg6
71. Kd5 Rh6 72. e6 Rh1 73. Ra8+ Ke7 74. Ra7+ Ke8 1/2-1/2

[Event "Barbera op"]
[Site "?"]
[Date "2011.07.10"]
[Round "7"]
[White "Narciso Dublan, M."]
[Black "Delgado Ramos, H."]
[Result "1/2-1/2"]
[WhiteElo "2544"]
[BlackElo "2488"]
[PlyCount "126"]
[EventDate "2011.??.??"]
[EventType "swiss"]
[Source "Chessbase"]
[SourceDate "2011.07.29"]

1. e4 c5 2. Nc3 d6 3. g3 Nf6 4. Bg2 g6 5. d3 Bg7 6. Be3 Nc6 7. Qc1 Rb8 8. Bh6
Bxh6 9. Qxh6 Nd4 10. Qd2 Qa5 11. Nge2 Bg4 12. Nxd4 cxd4 13. Nd5 Qc5 14. Nxf6+
exf6 15. O-O Be6 16. Rfc1 O-O 17. c4 a5 18. a4 Ra8 19. b3 Ra6 20. f4 Rb6 21.
Rab1 Kg7 22. Rb2 Bd7 23. Rcb1 Rb4 24. Qf2 Ra8 25. Bf3 Ra6 26. Bd1 f5 27. Ra1
Rab6 28. h3 Be6 29. Raa2 Bd7 30. Kh2 fxe4 31. dxe4 d3 32. f5 Qe5 33. Rd2 Rxb3
34. Bxb3 Rxb3 35. Qe3 Bxf5 36. Rxd3 Rxd3 37. Qxd3 Bxe4 38. Qe3 Bc6 39. Re2 Qa1
40. Re1 Qxa4 41. Qc3+ Kg8 42. Ra1 Qb4 43. Qxb4 axb4 44. Rb1 Kg7 45. Kg1 Kf6 46.
Kf2 Ke5 47. Ke3 f5 48. h4 h6 49. Rxb4 g5 50. hxg5 hxg5 51. Rb2 f4+ 52. gxf4+
gxf4+ 53. Kd3 Be4+ 54. Kc3 f3 55. Rh2 Bf5 56. Rb2 Ke4 57. Kd2 Bg4 58. Ke1 Be6
59. Rxb7 Bxc4 60. Re7+ Kd4 61. Kf2 Bd5 62. Ra7 Bc6 63. Ra6 Kc5 1/2-1/2